[Event "40th Olympiad Open"]
[Site "Istanbul TUR"]
[Date "2012.09.03"]
[Round "6.51"]
[Board "2"]
[White "Al-Ali, Hussein Ali Hussein"]
[Black "Juarez Flores, Carlos A."]
[Result "0-1"]
[WhiteTitle "IM"]
[BlackTitle "IM"]
[WhiteElo "2329"]
[BlackElo "2349"]
[WhiteTeam "Iraq"]
[BlackTeam "Guatemala"]
[WhiteFideId "4800192"]
[BlackFideId "7300018"]
[EventDate "2012.08.28"]

1. d4 d5 2. c4 e6 3. Nf3 c5 4. cxd5 exd5 5. g3 Nc6 6. Bg2 Nf6 7. O-O Be7 8. Nc3
O-O 9. b3 Ne4 10. Bb2 Bf6 11. e3 Bg4 12. Ne2 Qa5 13. Kh1 cxd4 14. exd4 Rfe8 15.
h3 Bh5 16. g4 Bg6 17. Nf4 Rac8 18. a3 Qd8 19. Rc1 Qd6 20. Nd3 h5 21. Nfe5 hxg4
22. hxg4 Bh7 23. Kg1 Bd8 24. Re1 Bb6 25. Nxc6 bxc6 26. Re3 Re6 27. b4 Rh6 28.
Ne5 f6 29. g5 Nxg5 30. Qg4 Rc7 31. Rg3 Be4 32. Nc4 Qe7 33. Nxb6 Bxg2 34. Nc8 Qe4
35. f3 Qe2 36. Rc3 0-1

[Event "40th Olympiad Open"]
[Site "Istanbul TUR"]
[Date "2012.09.03"]
[Round "6.51"]
[Board "4"]
[White "Ismael, Namir Mohammed Ismael"]
[Black "Giron, David"]
[Result "1/2-1/2"]
[WhiteTitle "CM"]
[WhiteElo "2189"]
[BlackElo "2025"]
[WhiteTeam "Iraq"]
[BlackTeam "Guatemala"]
[WhiteFideId "4800800"]
[BlackFideId "7300697"]
[EventDate "2012.08.28"]

1. d4 Nf6 2. c4 e6 3. Nf3 Bb4+ 4. Nbd2 O-O 5. g3 b6 6. Bg2 Bb7 7. O-O c5 8. a3
Bxd2 9. Bxd2 cxd4 10. Nxd4 Bxg2 11. Kxg2 d5 12. Bb4 Re8 13. cxd5 Qxd5+ 14. f3
Rd8 15. Rc1 Qb7 16. Qc2 a5 17. Bd2 Na6 18. Be3 Rac8 19. Nc6 Qd7 20. Ne7+ Qxe7
21. Qxc8 Rxc8 22. Rxc8+ Ne8 23. Rd1 h5 24. Rdd8 Nc7 25. Bxb6 Kh7 26. Bxa5 Kg6
27. h4 Kh7 28. Bb4 Qf6 29. Bc3 Qf5 30. a4 Qc2 31. Kf1 Qxa4 32. Be5 Qc6 33. Rxe8
Qc1+ 34. Kg2 Qe3 35. Bxc7 Qxe2+ 36. Kg1 Qe1+ 37. Kg2 Qe2+ 38. Kg1 Qe1+ 39. Kg2 1/2-1/2

[Event "40th Olympiad Open"]
[Site "Istanbul TUR"]
[Date "2012.09.03"]
[Round "6.52"]
[Board "2"]
[White "Simoes, Joao ANG"]
[Black "Fonseca Cabrera, Ernesto"]
[Result "1/2-1/2"]
[WhiteElo "2275"]
[BlackElo "2211"]
[WhiteTeam "Angola"]
[BlackTeam "Nicaragua"]
[WhiteFideId "10100520"]
[BlackFideId "6101046"]
[EventDate "2012.08.28"]

1. d4 Nf6 2. Nf3 d5 3. c4 c6 4. Nc3 dxc4 5. a4 Bf5 6. e3 e6 7. Bxc4 Bb4 8. O-O
Nbd7 9. Qb3 a5 10. Na2 Be7 11. Ne5 Nxe5 12. dxe5 Nd7 13. Rd1 Qc7 14. Nc3 Nc5 15.
Qa2 Qxe5 16. Bd2 O-O 17. f4 Qc7 18. Be1 Rfd8 19. b3 Nd3 20. e4 Bc5+ 21. Kh1 Nb4
22. Qe2 Bg6 23. Bg3 Qb6 24. Bh4 Rxd1+ 25. Rxd1 Bd4 26. Nb1 Qc5 27. g4 Re8 28.
Na3 f6 29. Be1 Bf7 30. Bxb4 axb4 31. Nc2 e5 32. Bxf7+ Kxf7 33. fxe5 fxe5 34.
Rf1+ Kg8 35. Qf3 Rb8 36. Qf7+ Kh8 37. g5 Qd6 38. Rf3 Bc5 39. Ne1 Rf8 40. Qxf8+
Qxf8 41. Rxf8+ Bxf8 42. Nd3 Bd6 43. Kg2 Kg8 44. Kf3 Kf7 45. Kg4 Ke6 46. h3 g6
47. h4 Be7 48. Kg3 Bf8 49. Kg4 Be7 50. Kg3 Bf8 1/2-1/2

[Event "40th Olympiad Open"]
[Site "Istanbul TUR"]
[Date "2012.09.03"]
[Round "6.52"]
[Board "3"]
[White "Madrigal, Mariano"]
[Black "Oliveira, Luciano"]
[Result "1-0"]
[WhiteElo "2155"]
[BlackElo "2208"]
[WhiteTeam "Nicaragua"]
[BlackTeam "Angola"]
[WhiteFideId "6100961"]
[BlackFideId "10100431"]
[EventDate "2012.08.28"]

1. e4 c6 2. d4 d5 3. exd5 cxd5 4. Bd3 Nf6 5. c3 Nc6 6. Bf4 e6 7. Nf3 Nh5 8. Be3
Qc7 9. O-O Nf6 10. Re1 Be7 11. h3 O-O 12. Nbd2 Bd6 13. Rc1 Bd7 14. Qe2 h6 15.
Bb1 Nh7 16. c4 f5 17. cxd5 exd5 18. Nb3 Rae8 19. Qc2 Qd8 20. Nc5 Bc8 21. Nd3 Nb4
22. Nxb4 Bxb4 23. Bd2 Bd6 24. Ne5 Qb6 25. Be3 Nf6 26. f3 Bb4 27. Re2 Bd6 28. Bf2
Re7 29. a3 Rfe8 30. Ba2 Kh7 31. Qd3 Be6 32. Rce1 Bc8 33. Bb1 Qc7 34. Bg3 Nh5 35.
Bh2 Kg8 36. g4 Nf6 37. gxf5 Nd7 38. Ba2 Nf6 39. Kh1 Qb6 40. Ng4 Rxe2 41. Nxf6+
gxf6 42. Rxe2 Rxe2 43. Qxe2 Bxf5 44. Qe8+ Kg7 45. Bxd5 1-0

[Event "40th Olympiad Open"]
[Site "Istanbul TUR"]
[Date "2012.09.03"]
[Round "6.53"]
[Board "1"]
[White "Burgos Figueroa, Carlos E."]
[Black "Kulpruethanon, Thanadon"]
[Result "0-1"]
[WhiteTitle "IM"]
[WhiteElo "2272"]
[BlackElo "2068"]
[WhiteTeam "El Salvador"]
[BlackTeam "Thailand"]
[WhiteFideId "6700187"]
[BlackFideId "6201610"]
[EventDate "2012.08.28"]

1. e4 e6 2. d4 d5 3. exd5 exd5 4. Bd3 Bd6 5. Nc3 c6 6. Nge2 Nf6 7. Bg5 O-O 8.
Qd2 Nbd7 9. O-O h6 10. Bf4 Nb6 11. Bxd6 Qxd6 12. b3 Bd7 13. Qf4 Qxf4 14. Nxf4
Rae8 15. Rfe1 Nc8 16. f3 Nd6 17. Re5 g5 18. Nfe2 Nh5 19. Re1 f6 20. Rxe8 Bxe8
21. g4 Ng7 22. Ng3 Kf7 23. Kg2 Bd7 24. Nce2 f5 25. h3 h5 26. gxh5 f4 27. h6 Ngf5
28. Nxf5 Bxf5 29. h4 Kg6 30. Nxf4+ gxf4 31. Re6+ Rf6 32. h5+ Kg5 33. Bxf5 Nxf5
34. h7 Nh4+ 35. Kh3 Rf8 36. Re7 Rh8 37. Rg7+ Kxh5 38. Rxb7 Nxf3 39. Rxa7 Ng5+
40. Kg2 Rxh7 41. Rxh7+ Nxh7 42. Kf3 Kg5 43. a4 Kf5 44. a5 Ng5+ 45. Ke2 Ne6 46.
Kd3 Nc7 47. c4 Na6 48. cxd5 cxd5 0-1

[Event "40th Olympiad Open"]
[Site "Istanbul TUR"]
[Date "2012.09.03"]
[Round "6.53"]
[Board "2"]
[White "Kananub, Warot"]
[Black "Chavez, Ricardo Ernesto"]
[Result "1-0"]
[BlackTitle "FM"]
[WhiteElo "2139"]
[BlackElo "2205"]
[WhiteTeam "Thailand"]
[BlackTeam "El Salvador"]
[WhiteFideId "6201601"]
[BlackFideId "6700098"]
[EventDate "2012.08.28"]

1. d4 Nf6 2. c4 g6 3. Nc3 Bg7 4. e4 d6 5. f3 O-O 6. Be3 Nc6 7. Nge2 a6 8. Qd2
Rb8 9. g4 b5 10. h4 h5 11. g5 Nd7 12. f4 Nb6 13. b3 bxc4 14. d5 Nb4 15. Nd4 c5
16. dxc6 e5 17. fxe5 dxe5 18. Nc2 Qxd2+ 19. Kxd2 Rd8+ 20. Kc1 Nxc6 21. Bxb6 Rxb6
22. Bxc4 Nd4 23. Nd5 Rbd6 24. Rf1 Be6 25. Nce3 Bf8 26. Kb2 Rc6 27. Rac1 Rdc8 28.
Nf6+ Kg7 29. Bxe6 Rxc1 30. Bxc8 Rxc8 31. Nc4 Bb4 32. Nd5 a5 33. Nxe5 Rc2+ 34.
Kb1 Ba3 35. Nc4 Bc5 36. a3 a4 37. Ne5 Bxa3 38. Rxf7+ Kh8 39. Nf6 Rb2+ 40. Kc1
Rc2+ 41. Kd1 Rc1+ 42. Kd2 Nxb3+ 43. Kd3 Nc5+ 44. Ke3 Rc3+ 45. Kd4 1-0

[Event "40th Olympiad Open"]
[Site "Istanbul TUR"]
[Date "2012.09.03"]
[Round "6.53"]
[Board "3"]
[White "Arias, Daniel"]
[Black "Pitirotjirathon, Jirapak"]
[Result "0-1"]
[BlackTitle "FM"]
[WhiteElo "2081"]
[BlackElo "2270"]
[WhiteTeam "El Salvador"]
[BlackTeam "Thailand"]
[WhiteFideId "6700640"]
[BlackFideId "6200206"]
[EventDate "2012.08.28"]

1. e4 e6 2. d3 d5 3. Nd2 Ne7 4. Ngf3 c5 5. g3 Nbc6 6. Bg2 g6 7. O-O Bg7 8. Re1
O-O 9. e5 Qc7 10. Qe2 g5 11. h3 Ng6 12. Nb3 h6 13. Nxc5 Ncxe5 14. Nxe5 Qxe5 15.
Qxe5 Nxe5 16. Rb1 b6 17. Nb3 Ba6 18. f4 gxf4 19. Bxf4 Ng6 20. Be3 Rac8 21. Re2
Ne7 22. Bf2 Rc7 23. Rd2 Be5 24. Nd4 Kh7 25. Re1 Bd6 26. Re3 e5 27. Nf3 f6 28.
Nh4 d4 29. Re1 Bb4 30. Ree2 Bxd2 31. Rxd2 Rfc8 32. Be4+ Kg7 33. b3 Rc3 0-1

[Event "40th Olympiad Open"]
[Site "Istanbul TUR"]
[Date "2012.09.03"]
[Round "6.53"]
[Board "4"]
[White "Kongsee, Uaychai"]
[Black "Chavez, Hector Eduardo"]
[Result "1-0"]
[WhiteElo "2273"]
[BlackElo "2153"]
[WhiteTeam "Thailand"]
[BlackTeam "El Salvador"]
[WhiteFideId "6200346"]
[BlackFideId "6700160"]
[EventDate "2012.08.28"]

1. e4 c5 2. Nf3 g6 3. d4 cxd4 4. Nxd4 Bg7 5. Nc3 Nc6 6. Be3 Nf6 7. Bc4 O-O 8.
Bb3 a5 9. f3 d5 10. exd5 Nb4 11. Nde2 a4 12. Nxa4 Nfxd5 13. Bf2 Rxa4 14. Bxa4
Bxb2 15. O-O Qa5 16. Rb1 Bc3 17. Bb3 Rd8 18. a3 Nc6 19. Qc1 Bd2 20. Qb2 Ne3 21.
Bxe3 Bxe3+ 22. Kh1 Rd2 23. Bxf7+ Kf8 24. Bb3 Nd4 25. Qc3 Qxc3 26. Nxc3 Nxc2 27.
Ne4 Nxa3 28. Nxd2 Bxd2 29. Ra1 Bb4 30. Rxa3 Bxa3 31. Ra1 1-0

[Event "40th Olympiad Open"]
[Site "Istanbul TUR"]
[Date "2012.09.03"]
[Round "6.54"]
[Board "1"]
[White "Pace, Colin"]
[Black "Chipanga, Chiletso"]
[Result "0-1"]
[WhiteTitle "CM"]
[BlackTitle "CM"]
[WhiteElo "2136"]
[BlackElo "2116"]
[WhiteTeam "Malta"]
[BlackTeam "Malawi"]
[WhiteFideId "5600189"]
[BlackFideId "16400119"]
[EventDate "2012.08.28"]

1. e4 e6 2. d4 d5 3. Nd2 Nf6 4. e5 Nfd7 5. Bd3 c5 6. c3 Nc6 7. Ne2 cxd4 8. cxd4
Be7 9. Nf3 O-O 10. Nf4 Bb4+ 11. Bd2 g5 12. Ne2 g4 13. Nfg1 f5 14. h3 g3 15. fxg3
Qb6 16. Nf3 Rf7 17. a3 Bf8 18. b4 Bg7 19. b5 Ne7 20. Bc3 Ng6 21. Qd2 a5 22. bxa6
bxa6 23. Nf4 Bh6 24. h4 Bb7 25. Rb1 Qc6 26. O-O Nxf4 27. gxf4 Bxf4 28. Qxf4 Qxc3
29. Ng5 Re7 30. Rf3 Qc6 31. Rg3 Kh8 32. Be2 Nf8 33. Bh5 Qd7 34. Nf3 Rg7 35. Rxg7
Qxg7 36. Ng5 Bc6 37. Rb6 Be8 38. Be2 Bd7 39. Rxa6 Rxa6 40. Bxa6 Ba4 41. Qd2 h6
42. Nf3 Kh7 43. Be2 Be8 44. Bd1 Qa7 45. Qb4 Ng6 46. g3 Qg7 47. Qd2 Bb5 48. Kg2
Bc4 49. Bc2 Ne7 50. Bd3 Qg4 51. Bc2 Ng6 52. Bd1 Kg7 53. Kf2 f4 54. gxf4 Nxf4 55.
Bc2 Nh3+ 0-1

[Event "40th Olympiad Open"]
[Site "Istanbul TUR"]
[Date "2012.09.03"]
[Round "6.54"]
[Board "2"]
[White "Nyambalo, Joseph Xavier"]
[Black "Zerafa, Robert"]
[Result "0-1"]
[WhiteElo "2100"]
[BlackElo "2068"]
[WhiteTeam "Malawi"]
[BlackTeam "Malta"]
[WhiteFideId "20500041"]
[BlackFideId "5600618"]
[EventDate "2012.08.28"]

1. Nf3 Nf6 2. d4 g6 3. c4 Bg7 4. Nc3 d5 5. e3 O-O 6. Qb3 dxc4 7. Bxc4 c5 8. dxc5
Qa5 9. Bd2 Qxc5 10. O-O Nc6 11. Na4 Qh5 12. Bc3 Na5 13. Bxa5 Qxa5 14. Nc3 b6 15.
Nd5 Nxd5 16. Bxd5 Rb8 17. Nd4 Bxd4 18. exd4 e6 19. Bf3 Rd8 20. Qc3 Bb7 21. Bxb7
Rxb7 22. h3 Qxc3 23. bxc3 Rc7 24. Rac1 Rdc8 25. Rfd1 Rxc3 26. Rxc3 Rxc3 27. d5
exd5 28. Rxd5 Rc1+ 29. Kh2 Rc2 30. a4 Rxf2 31. a5 Kg7 32. axb6 axb6 33. Rb5 Rf6
34. g4 h6 35. Kg3 Kf8 36. h4 Ke7 37. Rb1 Kd7 38. Rc1 b5 39. Rc5 Rb6 40. Kf4 b4
41. Ke5 b3 42. Rc1 b2 43. Rb1 Re6+ 44. Kd5 Rb6 45. Ke5 Kc7 46. g5 hxg5 47. hxg5
Kb7 48. Kd4 Ka6 49. Kc3 Ka5 50. Rxb2 Rxb2 51. Kxb2 Kb4 0-1

[Event "40th Olympiad Open"]
[Site "Istanbul TUR"]
[Date "2012.09.03"]
[Round "6.55"]
[Board "1"]
[White "Edirisinghe, Dulan"]
[Black "Liu, Yeh Yang"]
[Result "1-0"]
[WhiteElo "2046"]
[BlackElo "1883"]
[WhiteTeam "Sri Lanka"]
[BlackTeam "Chinese Taipei"]
[WhiteFideId "9900446"]
[BlackFideId "16300416"]
[EventDate "2012.08.28"]

1. d4 c5 2. d5 Nf6 3. c4 e5 4. Nc3 d6 5. e4 Be7 6. f4 exf4 7. Bxf4 O-O 8. Nf3
Re8 9. Bd3 Nbd7 10. O-O Ng4 11. h3 Nge5 12. Nxe5 Nxe5 13. Bxe5 dxe5 14. Qh5 f6
15. Be2 Rf8 16. Rad1 Bd6 17. Rd3 Bd7 18. Rg3 a6 19. a4 Qb6 20. Qh6 g6 21. Rxg6+
hxg6 22. Qxg6+ Kh8 23. Rf3 Qc7 24. Qh5+ Kg8 25. Rg3+ Bg4 26. Bxg4 Rf7 27. Be6+
Kf8 28. Bxf7 Qxf7 29. Qh8+ Ke7 30. Qxa8 Bc7 31. Qxb7 Kd7 32. Qc6+ Kd8 33. d6 Ba5
34. Rg8+ Qxg8 35. Qa8+ 1-0

[Event "40th Olympiad Open"]
[Site "Istanbul TUR"]
[Date "2012.09.03"]
[Round "6.56"]
[Board "1"]
[White "Al-Zendani, Zendan"]
[Black "Iturrizaga, Eduardo"]
[Result "0-1"]
[WhiteTitle "IM"]
[BlackTitle "GM"]
[WhiteElo "2363"]
[BlackElo "2627"]
[WhiteTeam "Yemen"]
[BlackTeam "Venezuela"]
[WhiteFideId "9400249"]
[BlackFideId "3901211"]
[EventDate "2012.08.28"]

1. d4 Nf6 2. Nf3 g6 3. g3 c5 4. dxc5 Qa5+ 5. Qd2 Qxc5 6. Qc3 Na6 7. Qxc5 Nxc5 8.
Be3 d6 9. Nc3 Bg7 10. Bg2 O-O 11. h3 Bd7 12. Bxc5 dxc5 13. Ne5 Be6 14. Nd3 Nd7
15. Nf4 Bc4 16. O-O-O Nb6 17. Bxb7 Rab8 18. Bd5 e6 19. Bxc4 Nxc4 20. Nd3 Bxc3
21. bxc3 Rfc8 22. f4 f6 23. e4 Rc6 24. Rde1 Ra6 25. Nxc5 Rxa2 26. Kd1 Rd8+ 0-1

[Event "40th Olympiad Open"]
[Site "Istanbul TUR"]
[Date "2012.09.03"]
[Round "6.56"]
[Board "2"]
[White "Ynojosa, Felix Jose"]
[Black "Faraj, Yahya"]
[Result "0-1"]
[WhiteTitle "FM"]
[BlackTitle "FM"]
[WhiteElo "2374"]
[BlackElo "2243"]
[WhiteTeam "Venezuela"]
[BlackTeam "Yemen"]
[WhiteFideId "3900258"]
[BlackFideId "9400184"]
[EventDate "2012.08.28"]

1. e4 e5 2. Nf3 Nc6 3. Bc4 Bc5 4. d3 Nf6 5. Nc3 h6 6. h3 d6 7. Na4 Bb6 8. c3 Qe7
9. Bb3 Be6 10. Bc2 d5 11. exd5 Nxd5 12. Nxb6 axb6 13. Qe2 Bf5 14. O-O O-O 15.
Re1 Rfe8 16. Bd2 Qd6 17. a3 Re7 18. b4 b5 19. a4 Nf4 20. Bxf4 exf4 21. Qd1 Rxe1+
22. Nxe1 bxa4 23. Rxa4 Re8 24. Ra1 Qf6 25. b5 Ne7 26. d4 Nd5 27. Qd2 Bxc2 28.
Qxc2 Qb6 29. Nf3 Nf6 30. c4 g6 31. Qd2 Re4 32. Ra8+ Kg7 33. Qb4 Ne8 34. c5 Qe6
35. Ra7 b6 36. Qc3 Nf6 37. d5 Qxd5 38. Rxc7 Rc4 39. Qe5 Rc1+ 40. Kh2 Qd1 41.
Rxf7+ Kxf7 42. Qc7+ Kg8 43. Qc8+ Kh7 44. Qc7+ Kg8 45. Qc8+ Kg7 46. Qc7+ Nd7 47.
Qxf4 Rxc5 48. Nd4 Qe1 49. Nc6 Qe6 50. Qd4+ Kh7 51. f4 Rxb5 52. Nd8 Qe7 53. Nc6
Qg7 0-1

[Event "40th Olympiad Open"]
[Site "Istanbul TUR"]
[Date "2012.09.03"]
[Round "6.56"]
[Board "3"]
[White "Al-Hadarani, Hatim"]
[Black "Ostos, Julio"]
[Result "0-1"]
[WhiteTitle "FM"]
[BlackTitle "IM"]
[WhiteElo "2263"]
[BlackElo "2345"]
[WhiteTeam "Yemen"]
[BlackTeam "Venezuela"]
[WhiteFideId "9400273"]
[BlackFideId "3900053"]
[EventDate "2012.08.28"]

1. c4 Nf6 2. Nc3 c5 3. g3 g6 4. Bg2 Bg7 5. a3 O-O 6. b4 Nc6 7. Rb1 d6 8. Nf3
cxb4 9. axb4 d5 10. b5 Na5 11. cxd5 Nxd5 12. Nxd5 Qxd5 13. O-O Nc4 14. d3 Nd6
15. Qa4 Bd7 16. Qh4 Qa2 17. Bd2 Rfe8 18. b6 a5 19. g4 a4 20. e4 e5 21. Bb4 Nb5
22. Ra1 Qe2 23. Rfe1 Qxd3 24. Red1 Qc4 25. Rxd7 Qxb4 26. Ng5 Re7 27. Qxh7+ Kf8
28. Rad1 Nd4 29. Rxe7 Qxe7 30. Qh4 a3 31. Nh7+ Ke8 32. Qh3 a2 33. Ra1 Qb4 34.
Bf1 Ra3 35. Bd3 Qb2 36. Rxa2 Rxa2 0-1

[Event "40th Olympiad Open"]
[Site "Istanbul TUR"]
[Date "2012.09.03"]
[Round "6.56"]
[Board "4"]
[White "Martinez Reyes, Pedro Ramon"]
[Black "Abdulla, Omar"]
[Result "1-0"]
[WhiteElo "2198"]
[BlackElo "2019"]
[WhiteTeam "Venezuela"]
[BlackTeam "Yemen"]
[WhiteFideId "3901807"]
[BlackFideId "9400508"]
[EventDate "2012.08.28"]

1. e4 c5 2. Nf3 e6 3. Nc3 a6 4. a4 Nc6 5. Be2 Qc7 6. O-O Nf6 7. d4 cxd4 8. Nxd4
Bb4 9. Qd3 b6 10. Nxc6 dxc6 11. Bg5 Be7 12. f4 Bb7 13. e5 Nd5 14. Ne4 Bxg5 15.
Nd6+ Qxd6 16. exd6 Bf6 17. f5 O-O-O 18. fxe6 fxe6 19. Bg4 Kb8 20. Bxe6 Rhe8 21.
Rae1 Ka7 22. d7 Re7 23. a5 b5 24. c4 Nc7 25. Bh3 Rxe1 26. Rxe1 Bxb2 27. Qd6 Bc3
28. Qxc7 Rxd7 29. Qb6+ 1-0

[Event "40th Olympiad Open"]
[Site "Istanbul TUR"]
[Date "2012.09.03"]
[Round "6.57"]
[Board "2"]
[White "Mustafa, Wail"]
[Black "Macias Murillo, Bryan"]
[Result "0-1"]
[BlackTitle "IM"]
[WhiteElo "2075"]
[BlackElo "2365"]
[WhiteTeam "Palestine"]
[BlackTeam "Ecuador"]
[WhiteFideId "4672062"]
[BlackFideId "3603296"]
[EventDate "2012.08.28"]

1. Nf3 c5 2. c4 Nf6 3. g3 b6 4. Bg2 Bb7 5. O-O e6 6. Nc3 d6 7. e3 Nbd7 8. b3 Be7
9. Bb2 O-O 10. d4 cxd4 11. exd4 Re8 12. Re1 Rc8 13. Rc1 a6 14. Qd3 Nf8 15. Nd2
Bxg2 16. Kxg2 Qc7 17. f3 Qb7 18. Ba3 d5 19. Bxe7 Rxe7 20. cxd5 Rd7 21. dxe6 Nxe6
22. d5 Rcd8 23. Re5 Nxd5 24. Nxd5 Rxd5 25. Rxd5 Rxd5 26. Qe3 h6 27. Ne4 Qd7 28.
Rc2 f5 29. Nf2 b5 30. Qc1 a5 31. Qe1 b4 32. Re2 Nd4 33. Re5 Nb5 34. Qe2 Kh7 35.
Re7 Qd6 36. Re6 Rd2 37. Qc4 Qd4 38. Qf1 Nc3 39. Qe1 Rxa2 40. h4 Nd1 41. Re2 Rxe2
42. Qxe2 Qxf2+ 43. Qxf2 Nxf2 44. Kxf2 a4 0-1

[Event "40th Olympiad Open"]
[Site "Istanbul TUR"]
[Date "2012.09.03"]
[Round "6.57"]
[Board "4"]
[White "Tamra, Attallah"]
[Black "Munoz Sanchez, Jhon"]
[Result "0-1"]
[WhiteElo "2084"]
[BlackElo "2262"]
[WhiteTeam "Palestine"]
[BlackTeam "Ecuador"]
[WhiteFideId "11500255"]
[BlackFideId "3600629"]
[EventDate "2012.08.28"]

1. e4 e5 2. Nf3 Nc6 3. d4 exd4 4. Bc4 Nf6 5. e5 d5 6. Bb5 Ne4 7. Nxd4 Bd7 8.
Bxc6 bxc6 9. O-O Bc5 10. f3 Ng5 11. f4 Ne4 12. Be3 O-O 13. Nd2 Bxd4 14. Bxd4
Nxd2 15. Qxd2 Bf5 16. Rae1 h5 17. Rf3 Re8 18. Ra3 Re6 19. Re2 Rg6 20. Rf2 Qc8
21. Qe2 h4 22. Qa6 Qe6 23. Qb7 Rc8 24. Rxa7 h3 25. Ra8 Rxa8 26. Qxa8+ Kh7 27.
Qa6 hxg2 28. Qe2 Kg8 29. a4 Be4 30. Qh5 c5 31. f5 Bxf5 32. Qxf5 Qxf5 33. Rxf5
cxd4 34. Rf3 Rb6 35. b3 c5 36. Kxg2 Re6 37. Rf5 g6 38. Rg5 Kf8 39. Kf3 Ke7 40.
Kf4 Rb6 41. h4 d3 42. Rg2 Rb4+ 43. Kg5 c4 44. bxc4 Rb2 45. Rg1 dxc2 46. Rc1 d4
47. Kf4 d3 48. Ke3 Rb1 49. Kd2 Kd7 0-1

[Event "40th Olympiad Open"]
[Site "Istanbul TUR"]
[Date "2012.09.03"]
[Round "6.58"]
[Board "4"]
[White "Azam, Zeno"]
[Black "Yaaqoub, Rashid"]
[Result "1/2-1/2"]
[BlackTitle "FM"]
[WhiteElo "2187"]
[BlackElo "2196"]
[WhiteTeam "Syria"]
[BlackTeam "Sudan"]
[WhiteFideId "7600976"]
[BlackFideId "12200336"]
[EventDate "2012.08.28"]

1. d4 d5 2. Nc3 Nf6 3. Bf4 c5 4. e3 a6 5. Nf3 cxd4 6. exd4 Nc6 7. h3 Bf5 8. Bd3
e6 9. Bxf5 exf5 10. Bg5 Be7 11. O-O O-O 12. Bxf6 Bxf6 13. Re1 Qd6 14. Qd3 g6 15.
a3 Rfe8 16. Ne2 Re4 17. c3 Rae8 18. Ng3 R8e6 19. b4 Qe7 20. Qd2 Bg5 21. Qd1
Rxe1+ 22. Nxe1 Na7 23. Nd3 Nb5 24. Qb3 Bd2 25. Rd1 f4 26. Nf1 Bxc3 27. Nxf4 Re4
28. Nxd5 Qe6 29. Qc4 Rxd4 30. Rxd4 Bxd4 31. a4 Nc3 32. Nfe3 Bxe3 33. Qxc3 Bxf2+
34. Kxf2 Qxd5 35. Qc8+ Kg7 36. Qc3+ f6 37. a5 h5 38. Qc7+ Kh6 39. Qe7 Kg5 40.
Qe3+ Kf5 41. Qe7 Qd4+ 42. Kf1 Kf4 43. Qxb7 Qc4+ 44. Kg1 Ke5 45. Qe7+ Kf5 46. Qe1
Kg5 47. Qe3+ Kf5 48. Qe1 Kg5 1/2-1/2

[Event "40th Olympiad Open"]
[Site "Istanbul TUR"]
[Date "2012.09.03"]
[Round "6.59"]
[Board "1"]
[White "Sanon, Mondoly"]
[Black "Eichab, Charles"]
[Result "1/2-1/2"]
[BlackTitle "CM"]
[WhiteElo "2088"]
[BlackElo "2034"]
[WhiteTeam "Haiti"]
[BlackTeam "Namibia"]
[WhiteFideId "11900059"]
[BlackFideId "15200051"]
[EventDate "2012.08.28"]

1. e4 e5 2. Nf3 Nf6 3. d3 Nc6 4. Bg5 Be7 5. Be2 O-O 6. Nc3 d6 7. h3 Be6 8. Qd2
Re8 9. Be3 d5 10. exd5 Nxd5 11. Nxd5 Qxd5 12. a3 Nd4 13. c4 Qd8 14. Nxd4 exd4
15. Bf4 Qd7 16. O-O Bf5 17. Bf3 c6 18. Rfe1 Bd6 19. Bxd6 Qxd6 20. Kh1 Qd7 21.
Kh2 Rad8 22. Rad1 c5 23. Bd5 b6 24. Re2 Be6 25. Be4 Qd6+ 26. Kg1 f5 27. Bf3 h6
28. Rde1 Bf7 29. Bd5 Rxe2 30. Bxf7+ Kxf7 31. Qxe2 g6 32. b4 Qd7 33. Qd2 Re8 34.
Rxe8 Qxe8 35. bxc5 bxc5 36. g3 Qa4 37. Qxh6 Qd1+ 38. Kh2 Qxd3 39. Qh7+ Kf6 40.
Qh8+ Kf7 41. Qh7+ Kf6 42. Qh8+ 1/2-1/2

[Event "40th Olympiad Open"]
[Site "Istanbul TUR"]
[Date "2012.09.03"]
[Round "6.59"]
[Board "2"]
[White "Mueller, Leonhard"]
[Black "Lebrun, Piersont"]
[Result "1/2-1/2"]
[WhiteTitle "FM"]
[BlackTitle "CM"]
[WhiteElo "2166"]
[BlackElo "1973"]
[WhiteTeam "Namibia"]
[BlackTeam "Haiti"]
[WhiteFideId "15200019"]
[BlackFideId "11900083"]
[EventDate "2012.08.28"]

1. Nf3 Nf6 2. c4 c5 3. Nc3 Nc6 4. g3 g6 5. Bg2 Bg7 6. d4 cxd4 7. Nxd4 Nxd4 8.
Qxd4 O-O 9. O-O d6 10. Qd3 Rb8 11. Be3 a6 12. Rac1 Bf5 13. Qd2 Qd7 14. Rfd1 Ng4
15. Bd4 Bxd4 16. Qxd4 Rfd8 17. Nd5 Be6 18. Nb6 Qc7 19. b3 Nf6 20. b4 Nd7 21.
Nxd7 Rxd7 22. Rc3 Rc8 23. Rdc1 a5 24. a3 axb4 25. axb4 b6 26. g4 Qa7 27. h4 Rdc7
28. h5 Qa2 29. h6 f6 30. g5 Rxc4 31. Rxc4 Rxc4 32. Rxc4 Qxc4 33. Qd2 Qa2 34.
Qxa2 Bxa2 35. f4 fxg5 36. fxg5 Kf7 37. Kf2 Ke6 38. Kg3 Kf5 39. Kh4 Kf4 40. Bc6
d5 41. Be8 d4 42. Bxg6 Bg8 43. Bd3 e5 44. g6 hxg6 45. Bxg6 e4 46. h7 Bxh7 47.
Bxh7 Ke3 48. Kg5 Kxe2 49. Bxe4 d3 50. Kf4 Kd2 51. Ke5 Kc3 52. b5 d2 53. Bf3 Kb4 1/2-1/2

[Event "40th Olympiad Open"]
[Site "Istanbul TUR"]
[Date "2012.09.03"]
[Round "6.60"]
[Board "1"]
[White "Lee, Sanghoon"]
[Black "Baules, Jorge"]
[Result "1/2-1/2"]
[WhiteTitle "CM"]
[BlackTitle "IM"]
[WhiteElo "2126"]
[BlackElo "2352"]
[WhiteTeam "South Korea"]
[BlackTeam "Panama"]
[WhiteFideId "13200011"]
[BlackFideId "6600247"]
[EventDate "2012.08.28"]

1. c4 c5 2. Nf3 g6 3. e4 Bg7 4. d4 cxd4 5. Nxd4 Nc6 6. Be3 Nf6 7. Nc3 O-O 8. Be2
d6 9. O-O Bd7 10. Qd2 Nxd4 11. Bxd4 Bc6 12. f3 a5 13. b3 Nd7 14. Rad1 Nc5 15.
Bxg7 Kxg7 16. f4 Qb6 17. Qd4+ Kg8 18. Nd5 Bxd5 19. cxd5 Qb4 20. Bf3 Rfc8 21.
Qxb4 axb4 22. Rf2 Na6 23. Be2 Nc5 24. Bf3 Ra5 25. Rc2 Rd8 26. Rd4 Rda8 27. Rdd2
Kf8 28. Kf2 Ke8 29. Ke3 Kd8 30. Kd4 Kc7 31. e5 Kb6 32. Kc4 Na6 33. Kd4 Rc5 34.
Rxc5 Nxc5 35. Rc2 Rc8 36. Rc4 Ka5 37. Bg4 Rc7 38. Bd1 Na6 39. Rxc7 Nxc7 40. Be2
Nb5+ 41. Bxb5 Kxb5 42. g4 f6 43. exf6 exf6 44. g5 f5 45. h3 Kb6 46. Kc4 Ka5 47.
Kd3 Kb5 48. Kd4 Ka6 49. Kc4 Ka5 50. Kd3 Kb5 51. Kd4 Kb6 52. Kc4 Ka5 53. Kd3 Kb5
54. Kd4 1/2-1/2